"Derecho y familia". Conferencias Santo Tomás de Aquino.
Gardado en:
| Autor Corporativo: | |
|---|---|
| Formato: | Libro |
| Idioma: | inglés |
| Publicado: |
Santiago, Chile:
Universidad Santo Tomás,
2000.
|
| Subjects: | |
| Tags: |
Engadir etiqueta
Sen Etiquetas, Sexa o primeiro en etiquetar este rexistro!
|
MARC
| LEADER | 00000nam a22000007a 4500 | ||
|---|---|---|---|
| 003 | CL-VaPUC | ||
| 005 | 20240401121903.0 | ||
| 008 | 220803t2000 ||||| |||| 00| 0 eng d | ||
| 999 | |c 437927 |d 437925 | ||
| 020 | |a 956-7946-00-0 | ||
| 040 | |c Pontificia Universidad Católica de Valparaíso | ||
| 082 | |2 22 |a 346.015 UNI 2000 | ||
| 110 | |9 874723 |a Universidad Santo Tomás. Academia de Derecho. Santo Tomás de Aquino. | ||
| 245 | |a "Derecho y familia". |b Conferencias Santo Tomás de Aquino. | ||
| 260 | |a Santiago, Chile: |b Universidad Santo Tomás, |c 2000. | ||
| 300 | |a 146 páginas. | ||
| 500 | |a c.1 Donación Familia Prof. Alejandro Guzmán Brito. | ||
| 583 | |c 20220803 |k Yessy Sthefany Diaz Vidal | ||
| 650 | 0 | |9 255603 |a Derecho de familia | |
| 650 | 0 | |a Familias |x Aspectos religiosos |x Iglesia Católica |9 255641 | |
| 942 | |2 ddc |c BK |n 0 | ||
| 952 | |0 0 |1 0 |2 ddc |4 0 |6 346_015000000000000_UNI_2000 |7 0 |8 C_AGB |9 585783 |a BIBDER |b BIBDER |d 2022-08-03 |e Donación |i 5652187 |o 346.015 UNI 2000 |p 5652187 |r 2023-01-25 |t 1 |w 2022-08-03 |y BK_US |k AGB | ||